Estudio para conocer la importancia de los factores que intervienen en la industrialización de la vivienda social en Chile

Saved in:
Bibliografiske detaljer
Main Authors: Elgueta E., Alejandro (Author), Vásquez R., Sandra (Author)
Format: Bog
Sprog:spansk
Udgivet: Valparaíso Pontificia Universidad Católica de Valparaíso 2004
Fag:
Tags: Tilføj Tag
Ingen Tags, Vær først til at tagge denne postø!

MARC

LEADER 00000nam a2200000 a 4500
001 UCK3910
003 CL-VaPUC
008 050513e20040000CL |||||||||||||||||spa|d
082 0 4 |a 363.5  |b ELG  |2 21 
100 0 |a Elgueta E., Alejandro  |e author  |9 492277 
700 0 |a Vásquez R., Sandra  |e author  |9 492278 
245 1 0 |a Estudio para conocer la importancia de los factores que intervienen en la industrialización de la vivienda social en Chile 
300 |a Pág. irreg 
942 |c BK 
945 |d 20050513 00:00:00  |a cmena 
260 |a Valparaíso  |b Pontificia Universidad Católica de Valparaíso  |c 2004 
500 |a Informe de Taller, profesor a cargo: Patricio Videla J 
650 0 |a Vivienda social  |9 491521 
650 0 |a Estadística matemática  |9 260028 
650 0 |a Problemas sociales  |9 258537 
650 0 |a Industrialización  |9 263687 
583 |a last modification  |c 20050513 00:00:00  |k Rodrigo Vera 
999 |c 312955  |d 312953